| 000 | 00977nam a2200277Ia 4500 | ||
|---|---|---|---|
| 003 | OSt | ||
| 005 | 20221005104804.0 | ||
| 006 | a|||||r|||| 00| 0 | ||
| 007 | ta | ||
| 008 | 221004b |||||||| |||| 00| 0 hin d | ||
| 020 |
_a8188566387 (hbk) _c200 |
||
| 024 | _a14855 | ||
| 037 |
_b339, 20/03/2014, Vani Prakashan _cTextual |
||
| 040 |
_aCRL _cCRL _bhin |
||
| 041 |
_2hin _ahin |
||
| 082 | _aO152,6N291x, P0 | ||
| 100 | _aयादव, राजेन्द्र | ||
| 245 | 0 | _aस्थगित यात्राएॅं | |
| 246 | _aSthagit yātrāeॅan | ||
| 250 | _a2 संस्करण | ||
| 260 |
_aदिल्ली _bशब्दसृष्टि प्रकाशन भारत _c2011 |
||
| 300 |
_a174पृ0 _ccm. |
||
| 650 | _aहिन्दी साहित्य | ||
| 942 |
_hO152,6N291x, P0 _cTEXL _2cc |
||
| 999 |
_c1013795 _d1013795 |
||